Statistics for Most performed operas

Click here to take the quiz!

General Stats

  • This quiz has been taken 99 times
  • The average score is 15 of 25

Answer Stats

PerformancesComposerOpera% Correct
3280Georges BizetCarmen
99%
3310Wolfgang Amadeus MozartDie Zauberflöte
91%
1639Giuseppe VerdiAida
88%
2694Giacomo PucciniTosca
88%
4190Giuseppe VerdiLa traviata
85%
3131Giacomo PucciniLa Bohème
80%
2549Gioachino RossiniIl barbiere di Siviglia
78%
2299Wolfgang Amadeus MozartDon Giovanni
73%
1225Giacomo PucciniTurandot
73%
2483Wolfgang Amadeus MozartLe nozze di Figaro
72%
2285Giuseppe VerdiRigoletto
69%
2641Giacomo PucciniMadama Butterfly
61%
1538Wolfgang Amadeus MozartCosì fan tutte
55%
1522Pyotr Ilyich TchaikovskyEugene Onegin
55%
985Giuseppe VerdiOtello
55%
1629Engelbert HumperdinckHänsel und Gretel
53%
1053Giuseppe VerdiIl trovatore
51%
1280Giuseppe VerdiNabucco
51%
1584Gaetano DonizettiL'elisir d'amore
47%
1012Ruggero LeoncavalloPagliacci
47%
2207Johann Strauss IIDie Fledermaus
43%
1202Franz LehárDie lustige Witwe
41%
957Richard WagnerDie fliegende Hollander
38%
931Giuseppe VerdiUn ballo in maschera
18%
1007Emmerich KálmánDie Csárdásfürstin
12%

Score Distribution

Percentile by Number Answered

Percent of People with Each Score

Your Score History

You have not taken this quiz